| 000 | 00387nam a22001577a 4500 | ||
|---|---|---|---|
| 999 |
_c523568 _d523568 |
||
| 003 | NUST | ||
| 020 | _a9780691163567 | ||
| 038 | _awaseem | ||
| 082 |
_a338.90091724 _bYIF |
||
| 100 |
_aLin, Justin Yifu _914232 |
||
| 245 |
_aThe Quest For Prosperity / _cJustin Yifu Lin |
||
| 260 |
_aUnited State : _bPrinceton, _c2012. |
||
| 300 | _a322 p. ; | ||
| 500 | _aPaperback. | ||
| 942 |
_2ddc _cBK |
||